000 00812nam a2200277 a 4500
001 BRL_477
005 20190320210748.0
008 190813s1950----mx-a######---#000-0#spa-#
041 _aspa
044 _amx
050 4 _aN6553
_b.E53 4 1950
100 1 _aNoguera, Eduardo
_919544
245 1 0 _aEl horizonte Tolteca-Chichimeca
_cEduardo Noguera.
260 _aMéxico
_bEdiciones Mexicanas
_c1950
300 _a48 p.
_bil. (algunas a color), 35 láminas
_c24 cm.
440 0 _aEnciclopedia mexicana de arte
_v4
_924035
500 _aIncluye dedicatoria a Ruth Lechuga
500 _aAu471
504 _aBibliografía: p.45-48
650 1 4 _aArte
_zMéxico
_924036
650 1 4 _aToltecas
_918332
650 1 4 _aChichimecas
_924037
651 4 _aMéxico
_xAntigüedades
_92765
902 _aGRL
942 _2lcc
_cB
999 _c9289
_d9289